Landlords and tenants mix it (Record no. 62346)
[ view plain ]
| 000 -LEADER | |
|---|---|
| fixed length control field | 01026cam a2200253 4500 |
| 001 - CONTROL NUMBER | |
| control field | ABS61805 |
| 008 - FIXED-LENGTH DATA ELEMENTS--GENERAL INFORMATION | |
| fixed length control field | 000000n2000 000 0 eng u |
| 035 ## - SYSTEM CONTROL NUMBER | |
| System control number | (Sirsi) u103826 |
| 100 ## - MAIN ENTRY--PERSONAL NAME | |
| Personal name | Vivian, J. |
| 245 ## - TITLE STATEMENT | |
| Title | Landlords and tenants mix it |
| 260 ## - PUBLICATION, DISTRIBUTION, ETC. | |
| Date of publication, distribution, etc. | 2000 |
| 490 ## - SERIES STATEMENT | |
| Series statement | Property Week |
| Volume/sequential designation | 65(2) 14 January 2000, 62-63(2) |
| 520 ## - SUMMARY, ETC. | |
| Summary, etc. | Points out some of the pitfalls of clustering certain retail tenants together, in particular whether tenant mix represents reasonable grounds for withholding permission for an assignment of change of use. Also explains the negative impact on rent rent reviews of imposing tight use restrictions on tenants. Refers to case law. |
| 590 ## - LOCAL NOTE (RLIN) | |
| Local note | ABS |
| 650 ## - SUBJECT ADDED ENTRY--TOPICAL TERM | |
| Topical term or geographic name entry element | MIXED USE |
| 650 ## - SUBJECT ADDED ENTRY--TOPICAL TERM | |
| Topical term or geographic name entry element | CHANGE OF USE |
| 650 ## - SUBJECT ADDED ENTRY--TOPICAL TERM | |
| Topical term or geographic name entry element | ASSIGNMENT OF LEASES |
| 650 ## - SUBJECT ADDED ENTRY--TOPICAL TERM | |
| Topical term or geographic name entry element | MOSS BROS GROUP PLC V CSC PROPERTIES LTD |
| 650 ## - SUBJECT ADDED ENTRY--TOPICAL TERM | |
| Topical term or geographic name entry element | CHELSFIELD MH INVESTMENTS V BRITISH GAS PLC |
| 650 ## - SUBJECT ADDED ENTRY--TOPICAL TERM | |
| Topical term or geographic name entry element | SHOPPING CENTRES |
| 650 ## - SUBJECT ADDED ENTRY--TOPICAL TERM | |
| Topical term or geographic name entry element | RENT REVIEWS |
| 690 ## - LOCAL SUBJECT ADDED ENTRY--TOPICAL TERM (OCLC, RLIN) | |
| Topical term or geographic name as entry element | LANDLORD AND TENANT-BUSINESS TENANCIES |
| 942 ## - ADDED ENTRY ELEMENTS (KOHA) | |
| Suppress in OPAC | 0 |
| Withdrawn status | Lost status | Source of classification or shelving scheme | Damaged status | Not for loan | Home library | Current library | Shelving location | Date acquired | Total Checkouts | Full call number | Barcode | Date last seen | Copy number | Price effective from | Koha item type |
|---|---|---|---|---|---|---|---|---|---|---|---|---|---|---|---|
| Dewey Decimal Classification | London | London | Journal article | 27/01/2000 | ABS61805 | 103826-1001 | 06/08/2019 | 1 | 06/08/2019 | Journal article |